<?xml version="1.0" encoding="UTF-8"?>
<collection xmlns="http://www.loc.gov/MARC21/slim">
 <record>
  <leader>06287nam a2200433 a 4500</leader>
  <controlfield tag="001">kal5439</controlfield>
  <controlfield tag="003">Gr-AtHEAL</controlfield>
  <controlfield tag="005">20160421095611.0</controlfield>
  <controlfield tag="006">m        d        </controlfield>
  <controlfield tag="008">160413s2015    gr      s           gre|c</controlfield>
  <datafield tag="020" ind1=" " ind2=" ">
   <subfield code="a">9789606032769</subfield>
  </datafield>
  <datafield tag="040" ind1=" " ind2=" ">
   <subfield code="a">GR-AtHEAL</subfield>
   <subfield code="b">gre</subfield>
   <subfield code="c">GR-AtHEAL</subfield>
  </datafield>
  <datafield tag="082" ind1="0" ind2="4">
   <subfield code="a">003.54</subfield>
   <subfield code="2">23</subfield>
  </datafield>
  <datafield tag="100" ind1="1" ind2=" ">
   <subfield code="a">Ζάχος, Ευστάθιος.</subfield>
   <subfield code="8">300</subfield>
  </datafield>
  <datafield tag="245" ind1="1" ind2="0">
   <subfield code="a">Υπολογιστική κρυπτογραφία</subfield>
   <subfield code="h">[Ηλεκτρονικός πόρος] </subfield>
   <subfield code="c">Ζάχος, Ευστάθιος ; Παγουρτζής, Αριστείδης ;  Γροντάς Παναγιώτης ; Κριτικός αναγνώστης,Πουλάκης, Δημήτριος.</subfield>
  </datafield>
  <datafield tag="260" ind1=" " ind2=" ">
   <subfield code="a">Αθήνα :</subfield>
   <subfield code="b">Σύνδεσμος Ελληνικών Ακαδημαϊκών Βιβλιοθηκών,</subfield>
   <subfield code="c">c2015.</subfield>
  </datafield>
  <datafield tag="490" ind1=" " ind2=" ">
   <subfield code="a">Ακαδημαϊκά Ηλεκτρονικά Συγγράμματα και Βοηθήματα Κάλλιπος</subfield>
   <subfield code="8">40</subfield>
  </datafield>
  <datafield tag="520" ind1=" " ind2=" ">
   <subfield code="a">Το βιβλίο αποσκοπεί να εισαγάγει τον αναγνώστη στις θεμελιώδεις έννοιες και τεχνικές της κρυπτογραφίας, με έμφαση στην αλγοριθμική και υπολογιστική διάστασή τους. Τα περιεχόμενα συνοπτικά: - Εισαγωγή σε βασικές έννοιες αλγορίθμων και πολυπλοκότητας: ανάλυση αλγορίθμων, αποδοτικότητα, πολυωνυμικός χρόνος, πιθανοτικοί αλγόριθμοι, κλάσεις πολυπλοκότητας. - Στοιχεία θεωρίας αριθμών και θεωρίας ομάδων: αριθμητική modulo, ομάδες, δακτύλιοι, σώματα, Κινέζικο Θεώρημα Υπολοίπων, Θεωρήματα Fermat, Euler, Lagrange, πρωταρχικές ρίζες, συνάρτηση φ του Euler, τετραγωνικά υπόλοιπα, σύμβολα Legendre και Jacobi.- Υπολογιστική πολυπλοκότητα και αλγόριθμοι για βασικά αριθμοθεωρητικά προβλημάτων: επαναλαμβανόμενος τετραγωνισμός, Ευκλείδειος, επεκτεταμένος Ευκλείδειος, υπολογισμός συμβόλου Jacobi, ρίζες modulo n, έλεγχοι πρώτων αριθμών (Fermat, Solovay-Strassen, Miller-Rabin, αλγόριθμος AKS), παραγοντοποίηση (μέθοδος ρ, μέθοδος Dixon), διακριτός λογάριθμος (Shanks, Pohling-Hellman, index-calculus). - Συμμετρικά κρυπτοσυστήματα: πακέτου (DES, AES), ροής (stream ciphers). Τρόποι λειτουργίας. Κρυπτοσυστήματα δημοσίου κλειδιού: RSA, ElGamal. Ανταλλαγή κλειδιού Diffie-Hellman.- Σχήματα ψηφιακών υπογραφών (RSA, DSS), υπογραφές ειδικού σκοπού (μιας χρήσης, τυφλές, αδιαμφισβήτητες).- Κρυπτογραφικά πρωτόκολλα (διαμοιρασμού μυστικού, ρίψης νομίσματος, ανταλλαγής κλειδιού). - Αποδείξεις ασφάλειας βασισμένες σε γενικά παραδεκτές υποθέσεις υπολογιστικής δυσκολίας, μοντέλα ασφάλειας (KPA, CPA, CCA, IND-CPA, IND-CCA), κρυπτογραφικές αναγωγές.- Συναρτήσεις σύνοψης (hash functions) και συναρτήσεις μονής κατεύθυνσης. Ψευδοτυχαιότητα. - Αποδείξεις μηδενικής γνώσης. Πρωτόκολλα ταυτοποίησης.- Προηγμένα θέματα: κβαντική και μετα-κβαντική κρυπτογραφία, ελλειπτικές καμπύλες, σύνθεση πρωτοκόλλων, διγραμμικές απεικονίσεις, κρυπτογραφία με lattices.</subfield>
  </datafield>
  <datafield tag="650" ind1=" " ind2="0">
   <subfield code="a">Cryptography</subfield>
   <subfield code="8">1646</subfield>
  </datafield>
  <datafield tag="650" ind1=" " ind2="0">
   <subfield code="a">Number Theory</subfield>
   <subfield code="v">Computational number theory</subfield>
   <subfield code="x">Computational number theory</subfield>
   <subfield code="8">1647</subfield>
  </datafield>
  <datafield tag="653" ind1=" " ind2=" ">
   <subfield code="a">Ασφάλεια δικτύων</subfield>
  </datafield>
  <datafield tag="653" ind1=" " ind2=" ">
   <subfield code="a">Ασφάλεια πληροφοριών</subfield>
  </datafield>
  <datafield tag="653" ind1=" " ind2=" ">
   <subfield code="a">Κρυπτογραφικά πρωτόκολλα</subfield>
  </datafield>
  <datafield tag="653" ind1=" " ind2=" ">
   <subfield code="a">Κρυπτογραφία δημόσιου κλειδιού</subfield>
  </datafield>
  <datafield tag="653" ind1=" " ind2=" ">
   <subfield code="a">Συμμετρική κρυπτογραφία</subfield>
  </datafield>
  <datafield tag="653" ind1=" " ind2=" ">
   <subfield code="a">Υπολογιστική πολυπλοκότητα</subfield>
  </datafield>
  <datafield tag="653" ind1=" " ind2=" ">
   <subfield code="a">Τεχνολογία και επιστήμες μηχανικών</subfield>
   <subfield code="a">Μηχανική και τεχνολογία τηλεπικοινωνιών</subfield>
   <subfield code="a">Ψηφιακές επικοινωνίες</subfield>
  </datafield>
  <datafield tag="653" ind1=" " ind2=" ">
   <subfield code="a">Φυσική</subfield>
   <subfield code="a">Διαθεματικές περιοχές της φυσικής και συναφείς τομείς της επιστήμης και της τεχνολογίας</subfield>
   <subfield code="a">Άλλες περιοχές εφαρμοσμένης και διαθεματικής φυσικής</subfield>
   <subfield code="a">Θεωρία της πληροφορίας και της επικοινωνίας</subfield>
  </datafield>
  <datafield tag="653" ind1=" " ind2=" ">
   <subfield code="a">Επιστήμη υπολογιστών/Πληροφορική</subfield>
   <subfield code="a">Αλγόριθμοι και πολυπλοκότητα</subfield>
  </datafield>
  <datafield tag="653" ind1=" " ind2=" ">
   <subfield code="a">Μαθηματικά</subfield>
   <subfield code="a">Θεωρία αριθμών</subfield>
   <subfield code="a">Υπολογιστική θεωρία αριθμών</subfield>
  </datafield>
  <datafield tag="653" ind1=" " ind2=" ">
   <subfield code="a">Επιστήμη υπολογιστών/Πληροφορική</subfield>
   <subfield code="a">Διασφάλιση της ασφάλειας των πληροφοριών</subfield>
   <subfield code="a">Κρυπτογραφία</subfield>
  </datafield>
  <datafield tag="700" ind1="1" ind2=" ">
   <subfield code="a">Παγουρτζής, Αριστείδης</subfield>
   <subfield code="e">Συγγραφέας</subfield>
   <subfield code="8">314</subfield>
  </datafield>
  <datafield tag="700" ind1="1" ind2=" ">
   <subfield code="a">Γροντάς, Παναγιώτης</subfield>
   <subfield code="e">Συγγραφέας</subfield>
   <subfield code="8">315</subfield>
  </datafield>
  <datafield tag="700" ind1="1" ind2=" ">
   <subfield code="a">Πουλάκης, Δημήτριος</subfield>
   <subfield code="e">Κριτικός αναγνώστης</subfield>
   <subfield code="8">316</subfield>
  </datafield>
  <datafield tag="856" ind1="4" ind2="0">
   <subfield code="u">http://hdl.handle.net/11419/5439</subfield>
   <subfield code="z">Πλήρες Κείμενο - Full text</subfield>
  </datafield>
  <datafield tag="907" ind1=" " ind2=" ">
   <subfield code="a">.b2567805x</subfield>
   <subfield code="b">12-06-18</subfield>
   <subfield code="c">29-07-16</subfield>
  </datafield>
  <datafield tag="949" ind1=" " ind2=" ">
   <subfield code="0">0</subfield>
   <subfield code="1">0</subfield>
   <subfield code="2">ddc</subfield>
   <subfield code="4">0</subfield>
   <subfield code="6">003_540000000000000_ΖΑΧ</subfield>
   <subfield code="7">0</subfield>
   <subfield code="8">KALL</subfield>
   <subfield code="8">564</subfield>
   <subfield code="d">2016-04-13</subfield>
   <subfield code="r">2016-04-13</subfield>
   <subfield code="w">2016-04-13</subfield>
   <subfield code="z">003.54 ΖΑΧ</subfield>
   <subfield code="o">SEAB KALLIPOS</subfield>
  </datafield>
  <datafield tag="998" ind1=" " ind2=" ">
   <subfield code="a">80</subfield>
   <subfield code="a">01</subfield>
   <subfield code="a">02</subfield>
   <subfield code="a">03</subfield>
   <subfield code="a">04</subfield>
   <subfield code="a">05</subfield>
   <subfield code="a">06</subfield>
   <subfield code="a">07</subfield>
   <subfield code="a">08</subfield>
   <subfield code="a">09</subfield>
   <subfield code="a">10</subfield>
   <subfield code="a">11</subfield>
   <subfield code="a">12</subfield>
   <subfield code="a">13</subfield>
   <subfield code="a">14</subfield>
   <subfield code="a">15</subfield>
   <subfield code="a">16</subfield>
   <subfield code="a">17</subfield>
   <subfield code="a">18</subfield>
   <subfield code="a">19</subfield>
   <subfield code="a">20</subfield>
   <subfield code="a">21</subfield>
   <subfield code="a">22</subfield>
   <subfield code="a">23</subfield>
   <subfield code="a">24</subfield>
   <subfield code="a">25</subfield>
   <subfield code="a">26</subfield>
   <subfield code="b">11-05-17</subfield>
   <subfield code="c">m</subfield>
   <subfield code="d">z  </subfield>
   <subfield code="e">-</subfield>
   <subfield code="f">gre</subfield>
   <subfield code="g">gr </subfield>
   <subfield code="h">0</subfield>
  </datafield>
  <datafield tag="942" ind1=" " ind2=" ">
   <subfield code="2">ddc</subfield>
   <subfield code="c">KALLIPOS</subfield>
  </datafield>
 </record>
</collection>
